Once upon a dork. (Record no. 408)

MARC details
000 -LEADER
fixed length control field 02094cam a22005295i 4500
001 - CONTROL NUMBER
control field 408
003 - CONTROL NUMBER IDENTIFIER
control field FISKH
005 - DATE AND TIME OF LATEST TRANSACTION
control field 20240916133424.0
008 - FIXED-LENGTH DATA ELEMENTS--GENERAL INFORMATION
fixed length control field 180726t20152014enka c 000 1 eng
020 ## - INTERNATIONAL STANDARD BOOK NUMBER
International Standard Book Number 9781471143830
Qualifying information (paperback)
020 ## - INTERNATIONAL STANDARD BOOK NUMBER
International Standard Book Number 147114383X
020 ## - INTERNATIONAL STANDARD BOOK NUMBER
International Standard Book Number 9781471122781
020 ## - INTERNATIONAL STANDARD BOOK NUMBER
International Standard Book Number 1471122786
020 ## - INTERNATIONAL STANDARD BOOK NUMBER
Canceled/invalid ISBN 9781471122798
020 ## - INTERNATIONAL STANDARD BOOK NUMBER
International Standard Book Number 9781471122774
020 ## - INTERNATIONAL STANDARD BOOK NUMBER
International Standard Book Number 1471122778
040 ## - CATALOGING SOURCE
Original cataloging agency DLC
Transcribing agency DLC
Language of cataloging eng
Modifying agency FISKH
042 ## - AUTHENTICATION CODE
Authentication code pcc
050 ## - LIBRARY OF CONGRESS CALL NUMBER
Classification number PZ7.R915935
082 ## - DEWEY DECIMAL CLASSIFICATION NUMBER
Classification number 813.6
100 1# - MAIN ENTRY--PERSONAL NAME
Personal name Russell, Rachel Renee,
Relator term author.
245 10 - TITLE STATEMENT
Title Once upon a dork.
Number of part/section of a work 8 /
Statement of responsibility, etc. Rachel Renee Russell with Nikki Russell and Erin Russell.
264 #1 - PRODUCTION, PUBLICATION, DISTRIBUTION, MANUFACTURE, AND COPYRIGHT NOTICE
Place of production, publication, distribution, manufacture London :
Name of producer, publisher, distributor, manufacturer Simon and Schuster,
Date of production, publication, distribution, manufacture, or copyright notice 2015.
264 #4 - PRODUCTION, PUBLICATION, DISTRIBUTION, MANUFACTURE, AND COPYRIGHT NOTICE
Date of production, publication, distribution, manufacture, or copyright notice 2014
300 ## - PHYSICAL DESCRIPTION
Extent 295 pages :
Other physical details illustrations ;
Dimensions 20 cm.
336 ## - CONTENT TYPE
Content type term text
Content type code txt
Source rdacontent
336 ## - CONTENT TYPE
Content type term still image
Content type code sti
Source rdacontent
337 ## - MEDIA TYPE
Media type term unmediated
Media type code n
Source rdamedia
338 ## - CARRIER TYPE
Carrier type term volume
Carrier type code nc
Source rdacarrier
490 1# - SERIES STATEMENT
Series statement Dork diaries ;
Volume/sequential designation 8
500 ## - GENERAL NOTE
General note Originally published in the USA in 2014 as Dork Diaries 8 : Tales from a not-so-happily ever after.
520 ## - SUMMARY, ETC.
Summary, etc. After a bump on the head, Nikki has a wild dream in which she, her BFF's Chloe and Zoey, her crush Brandon, and mean girl Mackenzie all end up playing the roles of some familiar classic fairy tale characters. Will Nikki's dream turn into a nightmare?
521 ## - TARGET AUDIENCE NOTE
Target audience note 710 <br/>
Source Lexile
521 ## - TARGET AUDIENCE NOTE
Target audience note M <br/>
Source Raz-Plus
650 #0 - SUBJECT ADDED ENTRY--TOPICAL TERM
Topical term or geographic name entry element Maxwell, Nikki (Fictitious character)
Form subdivision Juvenile fiction.
650 #0 - SUBJECT ADDED ENTRY--TOPICAL TERM
Topical term or geographic name entry element Best friends
Form subdivision Juvenile fiction.
650 #0 - SUBJECT ADDED ENTRY--TOPICAL TERM
Topical term or geographic name entry element Role playing
Form subdivision Juvenile fiction.
650 #0 - SUBJECT ADDED ENTRY--TOPICAL TERM
Topical term or geographic name entry element Dreams
Form subdivision Juvenile fiction.
700 1# - ADDED ENTRY--PERSONAL NAME
Personal name Russell, Nikki,
Relator term illustrator.
700 1# - ADDED ENTRY--PERSONAL NAME
Personal name Russell, Erin,
Relator term author.
700 1# - ADDED ENTRY--PERSONAL NAME
Personal name Russell, Rachel Renee.
Title of a work Tales from a not-so-happily ever after.
Relationship information Reprint of (manifestation).
800 1# - SERIES ADDED ENTRY--PERSONAL NAME
Personal name Russell, Rachel Renée.
Title of a work Dork diaries ;
Volume/sequential designation 8.
830 #0 - SERIES ADDED ENTRY--UNIFORM TITLE
Uniform title Dork diaries ;
Volume/sequential designation 8.
906 ## - LOCAL DATA ELEMENT F, LDF (RLIN)
a 0
b ibc
c origres
d 2
e ncip
f 20
g y-gencatlg
942 ## - ADDED ENTRY ELEMENTS (KOHA)
Source of classification or shelving scheme Dewey Decimal Classification
Koha item type Books
Suppress in OPAC No
Holdings
Withdrawn status Lost status Source of classification or shelving scheme Damaged status Not for loan Collection Home library Current library Shelving location Date acquired Total Checkouts Full call number Barcode Date last seen Date last checked out Copy number Price effective from Koha item type Public note
Withdrawn   Dewey Decimal Classification     Juvenile Fiction Footprints International School Library Network Toul Kork Campus Footprints International School Library Network Toul Kork Campus TK Primary Library Room(4th Floor), Bookcase 5&6, Shelves 33-56, Orange Books 04/10/2023 1 RUS 813.6 PZ7.R915935 FISTK05305 03/25/2025 08/23/2023 1 04/10/2023 Books Long overdue and lost
Withdrawn   Dewey Decimal Classification Damaged   Juvenile Fiction Footprints International School Library Network Toul Kork Campus Footprints International School Library Network Toul Kork Campus   04/10/2023 1 RUS 813.6 PZ7.R915935 FIS05342 04/25/2025 04/04/2025 2 04/10/2023 Books